Szczegóły MARC21

Wielki słownik polsko-niemiecki : z suplementem . T.1, A - Ó /

005 -DATA I CZAS OSTATNIEJ MODYFIKACJI [,]
    • @
    • pole kontrolne
    • 20070315155141.9
040 -Instytucja sporządzająca opis [ , ]
    • a
    • Instytucja, która sporządziła opis (NP)
    • SZCZ U
    • c
    • Instytucja, która sporządziła rekord (NP)
    • SZCZ U
942 -Rodzaj dokumentu [ , ]
    • c
    • Rodzaj dokumentu
    • Książka
100 -Hasło główne - nazwa osobowa [ , ]
    • a
    • Nazwa osobowa (NP)
    • PIPREK, JAN
245 -Strefa tytułu i oznaczenia odpowiedzialności [1, ]
    • a
    • Tytuł
    • Wielki słownik polsko-niemiecki : Find
    • b
    • Ciąg dalszy tytułu (NP)
    • z suplementem . Find
    • n
    • Oznaczenie części (P)
    • T.1,
    • p
    • Nazwa części (P)
    • A - Ó /
    • c
    • Pozostałe elementy strefy tytułu i oznaczenia odpowiedzialności (NP)
    • Jan Piprek, Juliusz Ippoldt [i in.].
250 -Strefa wydania [ , ]
    • a
    • Oznaczenie wydania (NP)
    • [Wyd.XIV, supl.XI].
260 -Strefa adresu wydawniczego [ , ]
    • a
    • Miejsce wydania (P)
    • Warszawa :
    • b
    • Nazwa wydawcy (P)
    • "Wiedza Powszechna",
    • c
    • Data wydania (P)
    • 2000.
300 -Strefa opisu fizycznego [ , ]
    • a
    • Określenie formy książki i/lub objętość (NP)
    • XLVII, 1134 s :
    • c
    • Format (NP)
    • 24 cm.
080 -Uniwersalna Klasyfikacja Dziesiętna [ , ]
    • a
    • Symbol klasyfikacji
    • 803.0::808.4-3
980 -Symbol UKD [ , ]
    • a
    • UKD
    • 803.0::808.4-3
700 -Hasło dodatkowe - nazwa osobowa [ , ]
    • a
    • Nazwa osobowa (NP)
    • Ippoldt Juliusz Find
Data inwentaryzacji Lokalizacja Numer inwentarzowy Status udost.
2003-04-25BES.904121